000 00568nam a22002171a 4500
003 OSt
008 220501s1993 xx 000 0 eng d
020 _a9780273607342
082 _a658.8
_bADC-M
100 _aADCOCK, DENNIS
245 _aMarketing principle and practice /
_cDennis Adcock,,,[et al.]
250 _a2nd
260 _bPitman Publishing ,
_c1993.
_aLondon :
300 _a611 p. ;
650 _aMarketing
650 _aMarketing - Management
700 _aBradfield, Ray
700 _aHalborg, Al
700 _aRoss, Caroline
942 _2ddc
_cBK
999 _c20423
_d20423